Η ενσωμάτωση του φύλου στην εργονομική ανάλυση : στρατηγικές για την μετεξέλιξη της εργασίας των γυναικών

Αποθηκεύτηκε σε:
Λεπτομέρειες βιβλιογραφικής εγγραφής
Άλλοι συγγραφείς: Messing, Karen (edtf)
Μορφή: Βιβλίο
Γλώσσα:Greek
English
Δημοσίευση: Αθήνα : Ένωση Διπλωματούχων Ελληνίδων Μηχανικών, [1999].
Θέματα:
Ετικέτες: Προσθήκη ετικέτας
Δεν υπάρχουν, Καταχωρήστε ετικέτα πρώτοι!

MARC

LEADER 00000cam a2200000 i 4500
001 1/14636
008 001211s1999 gr | ||| |||| ||gre||
020 |a 9608664713 
035 |l 10065077 
040 |a GR-MyUa  |b gre  |e AACR2 
041 1 |a gre  |h eng 
082 7 |a 363.11082   |2 (23) 
082 7 |a 620.82   |2 (22) 
245 0 2 |a Η ενσωμάτωση του φύλου στην εργονομική ανάλυση :   |b στρατηγικές για την μετεξέλιξη της εργασίας των γυναικών /   |c επιμέλεια Κάρεν Μέσινγκ ; μετάφραση από την αγγλική γλώσσα Μαρία Κορρέ.  
260 |a Αθήνα :   |b Ένωση Διπλωματούχων Ελληνίδων Μηχανικών,   |c [1999].  
300 |a 204 σ. :   |b πιν. ;  
500 |a Έρευνα προσανατολισμένη στη δράση σε συνεργασία του Πανεπιστημίου του Κέμπεκ με σωματεία. 
500 |a Τίτλος πρωτοτύπου: Integrating gender in ergonomic analysis.  
504 |a Περιέχει βιβλιογραφία.  
650 0 |a Women employees  |x Health and hygiene. 
650 0 |a Women  |x Employment  |x Health and hygiene. 
650 0 |a Human engineering. 
700 1 |a Messing, Karen,  |e edtf 
852 |a INST  |b LESVOS  |e 20001211  |h 620.82 ΕΝΣ  |p 005100027332  |q 005100027332  |t BK  |y 0 
901 |a BIBL1-2000-3 
970 |a ΚΑΜΑΤΣΟΥ  |b ΔΕΣΠΟΙΝΑ  |z 2000/12/11